| 000 | 00682nam a2200205 a 4500 | ||
|---|---|---|---|
| 005 | 20250704063918.0 | ||
| 008 | 060403s2003 000 eng d | ||
| 020 | _a9586483479 | ||
| 035 | _aUPN01000145109 | ||
| 049 | _aCG | ||
| 050 | 4 |
_aHQ778.5 _bH4.3 |
|
| 100 | 1 | _aHernández Sepúlveda, Edwin Harold | |
| 245 | 1 | 0 |
_aControl de crecimiento y desarrollo del niño sano : _bguía para el acompañamiento de los padres / _cEdwin Harold Hernández Sepúlveda. |
| 260 |
_aBogotá : _bEcoe, _c2003. |
||
| 300 |
_a122 p. : _bil. |
||
| 440 | 0 |
_aInterés general. _pCiencias de la salud |
|
| 650 | 4 |
_aCuidado del niño _96392 |
|
| 650 | 4 |
_aNiños _xCrecimiento _915181 |
|
| 905 | _aLibro | ||
| 999 |
_c117256 _d117256 |
||